000 00766nam a2200181Ia 4500
008 151202s9999||||xx |||||||||||||| ||und||
082 _bPNVM-82158
100 _aसंपा-जावळे अरुण.
245 _aपडघम -सांस्कृतिक निष्ठांतराचे.
260 _bनवता बुक वर्ल्ड मुंबई पूर्व.
260 _c2013
300 _a188
600 _aसंपा-जावळे अरुण.
630 _aपडघम -सांस्कृतिक निष्ठांतराचे.
700 _aसंपा-जावळे अरुण.
730 _aपडघम -सांस्कृतिक निष्ठांतराचे.
942 _cBOOK
999 _c1346766
_d1346763